| 000 | 00789nam a2200253 i 4500 | ||
|---|---|---|---|
| 001 | 000029069 | ||
| 003 | DO-SdBNP | ||
| 005 | 20240118114402.0 | ||
| 007 | ta | ||
| 008 | 110413s2000 dr a 000 0 spa d | ||
| 040 |
_aDO-SdBNP _bspa _cBNPHU _erda |
||
| 082 |
_bS211c _222 |
||
| 100 | 1 |
_aSánchez, Federico _926611 _eautor |
|
| 245 | 1 | 3 |
_aLa ciudad consummatum est... y otros poemas insólitos / _cFederico Sánchez. |
| 264 |
_aSanto Domingo : _bMontás, _c2000. |
||
| 300 |
_a40 paginas : _bilustraciones ; _c20 p. |
||
| 336 |
_2rdacontent _atexto _btxt |
||
| 337 |
_2rdamedia _asin mediación _bn |
||
| 338 |
_2rdacarrier _avolumen _bnc |
||
| 500 | _aIncluye datos biográficos del autor en la contracubierta | ||
| 590 | _aInventariado, 2024 / DG | ||
| 910 | _aDG | ||
| 942 |
_2ddc _cLBS1 |
||
| 999 |
_c28561 _d28561 |
||